All Major Wars in Human History - Statistics

General Stats
  • This quiz has been taken 873 times
  • The average score is 22 of 98
Answer Stats
Years Answer % Correct
1914 - 1918 First World War
90%
1939 - 1945 Second World War
90%
1955 - 1975 Vietnam War
69%
1950 - 1953 Korean War
65%
1337 - 1453 Hundred Years' War
60%
1861 - 1865 American Civil War
59%
264 BC - 146 BC Punic Wars
59%
2003 - 2011 Iraq War
51%
1756 - 1763 Seven Years' War
51%
1775 -1783 American Revolutionary War
50%
1990 - 1991 Gulf War
49%
1803 - 1815 Napoleonic Wars
49%
1812 - 1815 War of 1812
43%
1095 - 1291 Christian Crusades of the Holy Lands
41%
1789 - 1802 French Revolutionary Wars
40%
1898 - 1898 Spanish - American War
40%
1936 - 1939 Spanish Civil War
38%
1618 - 1648 Thirty Years' War
38%
1853 - 1856 Crimean War
37%
431 BC - 404 BC Peloponnesian War
37%
1917 - 1922 Russian Civil War
37%
2011 - present Syrian Civil War
36%
1927 - 1950 Chinese Civil War
33%
1846 - 1848 Mexican - American War
32%
1904 - 1905 Russo - Japanese War
31%
1967 - 1967 Six Day War
31%
2014 - present Russo - Ukrainian War
30%
2001 - 2021 War on Terror
30%
1870 - 1871 Franco - Prussian War
29%
1455 - 1487 War of the Roses
27%
1980 - 1988 Iran - Iraq War
26%
1642 - 1651 English Civil War
25%
1894 - 1895 First Sino Japanese War
25%
1973 - 1973 Yom Kippur War
25%
633 - 759 Arab Conquests
23%
492 BC - 448 BC Greco Persian Wars
23%
1701 - 1714 War of the Spanish Succession
23%
1960 - 1965 Congo Crisis
21%
1982 - 1982 Falklands War
21%
1206 - 1337 Mongol Invasions of Europe and Asia
21%
718 - 1492 Spanish Reconquista
21%
1912 - 1913 Balkan Wars
20%
2023 - present Israel - Hamas War
20%
1740 - 1748 War of the Austrian Succession
18%
1899 - 1901 Boxer Rebellion
17%
1700 - 1721 Great Northern War
17%
1839 - 1860 Opium Wars
17%
1991 - 2001 Yugoslav Wars
17%
1866 - 1866 Austro - Prussian War
16%
1453 - 1453 Fall of Constantinople to the Ottomans
16%
1979 - 1989 Soviet - Afghan War
16%
1910 - 1920 Mexican Revolution
15%
1066 - 1088 Norman Conquest of England
15%
1899 - 1902 Second Boer War
15%
1850 - 1864 Taiping Rebellion
15%
334 BC - 323 BC Conquests of Alexander the Great
14%
1880 - 1881 First Boer War
14%
2014 - present Yemeni Civil War
13%
1791 - 1804 Haitian Revolution
12%
1998 - 2003 Second Congo War
12%
1919 - 1923 Turkish War of Independence
12%
230 BC - 221 BC Qin Wars of Unification
11%
1532 - 1572 Spanish Conquest of the Inca Empire
11%
58 BC - 50 BC Gallic Wars
10%
1978 - 1979 Iranian Revolution
10%
1991 - present Somali Civil War
10%
1688 - 1697 Nine Years' War
9%
1519 - 1521 Spanish Conquest of the Aztec Empire
9%
1968 - 1998 The Troubles
9%
475 BC - 221 BC Warring States Period
9%
1618 - 1683 Qing Conquest of the Ming
8%
44 BC - 30 BC Roman Civil Wars
8%
1370 - 1405 Timurid Conquests of the Middle East and India
8%
1821 - 1829 Greek War of Independence
7%
1680 - 1707 Mughal - Maratha Wars
7%
1964 - 1979 Rhodesian Bush War
6%
66 BC - 221 AD Roman - Parthian Wars
6%
1733 - 1738 War of the Polish Succession
6%
1848 - 1848 Year of Revolution
6%
1683 - 1699 Great Turkish War
5%
434 - 453 Hunnic Invasions of Europe
5%
2006 - present Mexican Drug War
5%
280 BC - 275 BC Pyrrhic War
5%
1808 -1833 Spanish American Wars of Independence
5%
793 - 850 Viking Raids of Europe
5%
1964 - present Colombian Conflict
4%
232 - 268 Crisis of the Third Century
4%
1591 - 1606 Long Turkish War (13 Years' War)
4%
772 - 804 Saxon Wars
4%
1879 - 1884 War of the Pacific
4%
1833 - 1876 Carlist Wars
3%
1830 - 1830 July Revolution
3%
1463 - 1479 Ottoman - Venetian War
3%
135 BC - 71 BC Roman - Servile Wars
3%
533 - 555 Byzantine Reconquests of the Western Roman Empire
2%
1645 - 1669 Cretan War
2%
89 BC - 63 BC Mithradatic Wars
2%
215 BC - 168 BC Roman - Macedonian Wars
2%
No matching quizzes found
Score Distribution
Percent of People with Each Score
Percentile by Number Answered
Your Score History
You have not taken this quiz